It looks like you're offline.
Open Library logo
additional options menu

MARC record from Internet Archive

LEADER: 01830cam 2200493 4500
001 ocm00495440
003 OCoLC
005 20101130145037.0
008 721025s1972 nyua 000 0beng
010 $a 72083338
040 $aDLC$cDLC$dNLM$dCAW$dBAKER$dBTCTA$dOCLCQ$dOCLCG$dNIALS$dNPL
016 7 $a0353513$2DNLM
019 $a22246432
020 $a0670206628
020 $a9780670206629
035 $a(OCoLC)495440$z(OCoLC)22246432
043 $ae-uk---
050 00 $aQL61$b.D87 1972
060 00 $aQL 61$bD965c 1972
082 00 $a591/.092/4
082 14 $aB
100 1 $aDurrell, Gerald,$d1925-1995.
245 10 $aCatch me a Colobus$c[by] Gerald Durrell. Illustrated by Edward Mortelmans.
260 $aNew York,$bViking Press$c[1972]
300 $a221 p.$billus.$c23 cm.
600 10 $aDurrell, Gerald,$d1925-1995.
650 0 $aWild animal collectors$xBiography.
610 20 $aJersey Zoological Park (Trinity, Channel Islands)
600 12 $aDurrell, Gerald,$d1925-
610 22 $aJersey Zoological Park.
650 2 $aAnimals, Zoo$vAutobiography.
650 2 $aZoology$vAutobiography.
938 $aBaker & Taylor$bBKTY$c5.95$d4.46$i0670206628$n0000473537$sactive
938 $aBaker and Taylor$bBTCP$n72083338
952 $a495440$zDLC$bLIBRARY OF CONGRESS$hFull$iLCC$jNLM$kDDC$u20101126
952 $a177089533$zPUL$bPRINCETON UNIV$hFull$iLCC$jNLM$kDDC$u20100707
952 $a187781604$zPAU$bUNIV OF PENNSYLVANIA$hFull$iLCC$kDDC$u20100707
952 $a274075185$zSTF$bSTANFORD UNIV LIBR$hFull$iLCC$jNLM$kDDC$u20100716
952 $a469904073$zTEU$bTEMPLE UNIV$hOther$u20100716
952 $a684228932$zYUS$bYALE UNIV LIBR$hFull$iLCC$jNLM$kDDC$u20101125
029 1 $aNLM$b0353513
029 1 $aAU@$b000040129230
994 $aZ0$bPMR
948 $hNO HOLDINGS IN PMR - 527 OTHER HOLDINGS